|
|
|
|
| LEADER |
00000cam a2200000 a 4500 |
| 001 |
vtls008332961 |
| 003 |
SK-MaSNL |
| 005 |
20260301180550.0 |
| 008 |
230403s1964 xo a e f 000 0 slo |
| 015 |
|
|
|a SNBA1970/07-01492
|
| 035 |
|
|
|a SK01SNK19700025178
|
| 035 |
|
|
|a urn:nbn:sk:snk-amk09l
|
| 035 |
|
|
|a urn:nbn:sk:snk-am0087vb
|
| 035 |
|
|
|a 781F1F09-70C7-4491-90A1-3CB3048BB73C
|
| 035 |
|
|
|a SKM000027641
|
| 040 |
|
|
|a SNK
|b slo
|c SNK
|e AACR2
|
| 041 |
0 |
|
|a slo
|
| 044 |
|
|
|a xo
|c SK
|
| 080 |
|
|
|a 629.45(035)
|2 1981
|
| 100 |
1 |
|
|a Reindl, Jaroslav
|4 aut
|9 487478
|
| 245 |
1 |
0 |
|a Nové typy železničných osobných vozňov
|c [autori:] Jaroslav Reindl, Kamil Procházka
|
| 260 |
|
|
|a Bratislava
|b [vydavateľ nie je známy]
|c 1964
|
| 300 |
|
|
|a 67 s.
|b sch., tab.
|c 4°
|
| 504 |
|
|
|a Zoz. obr. a tb.
|
| 650 |
0 |
7 |
|a železničné vozne
|2 SNKPH
|9 117175
|
| 655 |
|
7 |
|a príručky
|2 SNKPH
|9 74364
|
| 700 |
1 |
|
|a Procházka, Kamil
|4 aut
|9 303668
|
| 852 |
|
|
|a Slovenská národná knižnica
|
| 954 |
|
|
|a odborná, vedecká literatúra pôvodná (slovenská)
|2 lita
|
| 958 |
|
|
|a OND
|
| 958 |
|
|
|a RM
|
| 958 |
|
|
|a RK
|
| 958 |
|
|
|a EUIPO
|
| 999 |
|
|
|c 846739
|d 848669
|
| 952 |
|
|
|a SNK
|b SNK
|y PREZ
|7 0
|p 17A0808481
|o snkSB 16170
|i snkKSP 5461/70
|0 0
|1 0
|4 0
|d 2015-01-23
|f 1
|l 0
|r 2026-02-24 04:29:49
|w 2026-02-24
|
| 952 |
|
|
|a SNK
|b SNK
|y VYP
|7 0
|o snkSB 16170 D1
|i snkD 165/72
|8 1
|0 0
|1 0
|4 0
|d 2015-01-23
|l 0
|r 2026-02-24 04:29:49
|w 2026-02-24
|